Meilleurs Pokémons par statistiques de base (1G - 9G) - Statistiques

Statistiques générales
  • Ce quiz a été pris 65 fois
  • Le résultat moyen est 67 sur 132
Statistiques - réponses
Statistiques PV % Correct
1 190 Méga-Mewtwo X
89%
18 154 Méga-Mewtwo X
89%
4 180 Méga-Rayquaza
89%
2 180 Méga-Rayquaza
89%
1 255 Leuphorie
86%
20 135 Leuphorie
86%
3 250 Leveinard
84%
18 154 Mewtwo
84%
4 180 Primo-Groudon
84%
13 160 Primo-Groudon
84%
2 180 Primo-Kyogre
81%
4 160 Primo-Kyogre
81%
11 148 Zacian
81%
18 138 Zacian (Héros Aguerri)
81%
1 194 Méga-Mewtwo Y
76%
17 140 Méga-Mewtwo Y
76%
16 140 Zamazenta
76%
18 138 Zamazenta (Héros Aguerri)
76%
5 150 Deoxys
73%
4 180 Deoxys (Forme Attaque)
73%
2 180 Deoxys (Forme Attaque)
73%
5 150 Deoxys (Forme Attaque)
73%
13 160 Deoxys (Forme Défense)
73%
4 160 Deoxys (Forme Défense)
73%
2 180 Deoxys (Forme Vitesse)
73%
2 185 Méga-Scarhino
73%
11 160 Ronflex
73%
15 150 Giratina
70%
5 175 Méga-Alakazam
70%
5 150 Méga-Alakazam
70%
3 200 Regice
70%
1 200 Regieleki
70%
5 216 Zygarde (Forme Parfaite)
70%
2 230 Caratroc
68%
2 230 Caratroc
68%
1 255 Éthernatos (Infinimax)
68%
1 250 Éthernatos (Infinimax)
68%
1 250 Éthernatos (Infinimax)
68%
6 154 Ho-Oh
68%
6 154 Lugia
68%
6 200 Regidrago
68%
6 200 Regirock
68%
20 140 Éthernatos
65%
7 170 Méga-Carchacrok
65%
16 159 Méga Dracaufeu X
65%
9 167 Ultra-Necrozma
65%
10 167 Ultra-Necrozma
65%
9 180 Galeking
62%
2 230 Méga-Galeking
62%
2 230 Méga-Steelix
62%
15 150 Monaflèmit
62%
18 150 Registeel
62%
9 150 Registeel
62%
6 200 Steelix
62%
4 223 Engloutyran
59%
7 170 Méga-Ectoplasma
59%
17 157 Necrozma Ailes de l'Aurore
59%
20 157 Necrozma Crinière du Couchant
59%
3 160 Ninjask
59%
4 151 Cancrelove
57%
3 181 Katagami
57%
8 170 Wailord
54%
5 211 Ama-Ama
51%
16 142 Lanssorien
51%
11 165 Méga-Gardevoir
51%
20 135 Méga-Gardevoir
51%
5 150 Electrode
49%
7 170 Kyurem Blanc
49%
15 160 Méga-Braségali
49%
10 165 Méga-Gallame
49%
12 145 Méga-Jungko
49%
18 150 Méga-Métalosse
49%
6 173 Câblifère
46%
7 170 Kyurem Noir
46%
10 165 Charkos
43%
5 150 Méga-Ptéra
43%
14 164 Méga-Tyranocif
43%
18 150 Méga-Tyranocif
43%
11 165 Sylveroy Cavalier de l'Effroi
43%
5 150 Sylveroy Cavalier de l'Effroi
43%
10 165 Sylveroy Cavalier du Froid
43%
18 150 Sylveroy Cavalier du Froid
43%
16 140 Exagide
41%
15 160 Hoopa (Forme Déchaînée)
41%
7 170 Hoopa (Forme Déchaînée)
41%
14 160 Méga-Latios
41%
7 190 Qulbutoké
41%
15 143 Zeraora
41%
18 150 Diancie
38%
9 150 Diancie
38%
15 160 Méga-Diancie
38%
14 160 Méga-Diancie
38%
9 150 Méga-Latias
38%
13 160 Onix
38%
12 168 Bastiodon
35%
19 138 Bastiodon
35%
13 155 Dinglu
35%
20 136 Hotte-de-Fer
35%
11 165 Méga-Pharamp
35%
20 153 Amphinobi (Forme Sacha)
32%
6 154 Florges
32%
10 165 Méga-Branette
32%
12 145 Méga-Dardargnan
32%
20 140 Grodoudou
30%
10 165 Mamanbo
30%
9 180 Méga-Flagadoss
30%
12 145 Limaspeed
27%
17 152 Prédastérie
27%
15 142 Prédastérie
27%
20 135 Flotte-Mèche
24%
20 135 Froussardine (Forme Banc)
24%
9 150 Muplodocus
24%
14 154 Paume-de-Fer
24%
13 160 Pêchaminus
24%
8 184 Séracrawl
24%
18 150 Strassie
24%
9 154 Strassie
24%
11 160 Terapagos (Forme Stellaire)
24%
9 180 Crustabri
22%
15 160 Darumacho de Galar (ModeTranse)
22%
15 150 Oyacata
22%
9 150 Tarinorme
22%
20 135 Chongjian
19%
20 136 Hastacuda
19%
20 135 Noctunoir
19%
15 160 Superdofin (Forme Super)
16%
8 170 Balbalèze
14%
15 150 Grodrive
14%
20 135 Hexagel
14%
18 150 Dimoclès
8%
19 144 Haryama
5%
16 140 Démenta
3%
Aucun quiz correspondant
Distribution des résultats
% des personnes avec chaque résultat
Percentile par nombre de réponses
Votre historique - résultats
Vous n’avez pas pris ce quiz